000 01359nam a2200337 i 4500
001 bg
100 1 _aOSTROWSKI, Jarosław
245 1 0 _aEmisja obligacji komunalnych w teorii i w praktyce /
_c[Jarosław Ostrowski, Michał Stępniewski, Paweł Śliwiński].
250 _aStan prawny na 1 września 2000 roku.
260 _aWarszawa :
_b"Twigger" :
_b"Municipium",
_c2000.
300 _a199, [1] s. :
_bil. ;
_c21 cm.
490 1 _aJak Rządzić : podręczna biblioteka samorządowa
_aTwigger
490 1 _aTwigger
500 _aNazwy aut. na okł. - Na s. przytyt. odmienna nazwa serii: Podręczna Biblioteka Samorządowa.
504 _aBibliogr.
505 _aZawiera także tekst Ustawy z dnia 29 czerwca 1995 r. o obligacjach.
650 9 _aBudżety terenowe
_xprawo
_zPolska
_ystan na 2000 r.
650 9 _aEmisja papierów wartościowych
_xprawo
_zPolska
_ystan na 2000 r.
700 1 _aSTĘPNIEWSKI, Michał
700 1 _aŚLIWIŃSKI, Paweł
830 0 _aJak Rządzić
830 _aTwigger
020 _a8385946098 ("Twigger")
040 _cBPK
041 0 _apol
080 _a336.14:336.763.33:352](438)"1989/..."
920 _a83-85946-09-8 ("Twigger")
942 _cKS
008 s pl f |000 0 pol
999 _c44278
_d44278
856 _uhttp://koha.tu.koszalin.pl/cgi-bin/koha/opac-detail.pl?biblionumber=44278
_yKatalog online BPK